Państwa z wieloma członami - Statystyki

Ogólne statystyki
  • Ten quiz został rozwiązany 222 razy
    185 od ostatniego zresetowania
  • Średni wynik to 17 z 31
Statystyki odpowiedzi
człony państwo % Poprawnych
2 Południowa Afryka
81%
2 Stany Zjednoczone
76%
2 Korea Północna
75%
2 Korea Południowa
75%
2 Wielka Brytania
72%
2 Arabia Saudyjska
64%
3 Republika Zielonego Przylądka
63%
2 Nowa Zelandia
61%
3 Demokratyczna Republika Konga
60%
3 Papua Nowa Gwinea
60%
3 Zjednoczone Emiraty Arabskie
58%
4 Saint Kitts i Nevis
57%
4 Saint Vincent i Grenadyny
57%
2 Republika Sródkowoafrykańska
56%
2 Wyspy Salomona
56%
2 Saint Lucia
54%
2 Sudan Południowy
53%
2 Wyspy Marshalla
51%
2 Macedonia Północna
50%
3 Trynidad i Tobago
50%
3 Wybrzeże Kości Słoniowej
50%
3 Antigua i Barbuda
48%
2 Gwinea Równikowa
48%
2 San Marino
48%
3 Bośnia i Hercegowina
45%
2 Gwinea Bissau
43%
2 Timor wschodni
43%
2 Sri Lanka
41%
2 Sierra Leone
32%
2 Burkina Faso
30%
5 Wyspy Świętego Tomasza i Książęce
6%
Nie znaleziono quizów pasujących do podanych kryteriów
Rozkład punktacji
Procent ludzi z każdym wynikiem
Percentyl według liczby udzielonych odpowiedzi
Twoja historia wyników
Nie rozwiązałeś tego quizu od ostatniego zresetowania